000 00306nam a22001217a 4500
008 140425t xxu||||| |||| 00| 0 eng d
020 _a978-0-471-21386-4
100 _aShayne Cox Gad
_9829
245 _aHandbook of Pharmaceutical Biotechnology
300 _a1659
440 _vVolume 1
_9830
942 _2ddc
_cBK
999 _c17076
_d17076